| 000 | 02123cam a22004694i 4500 | ||
|---|---|---|---|
| 003 | PE-LiUPU | ||
| 005 | 20250731165434.0 | ||
| 008 | 160306s2012 uy r 000 0 spa d | ||
| 020 | _a9781479131853 | ||
| 020 | _a1479131857 | ||
| 035 | _a(Sirsi) a156396 | ||
| 040 |
_aPE-LiUPU _bspa _cPE-LiUPU _erda |
||
| 082 | 0 | 4 |
_a001.42032 _bI45 |
| 100 | 1 |
_aBruce Girard _eeditor. |
|
| 245 |
_aImpacto 2.0 : _bnuevos mecanismos para vincular investigación académica y políticas públicas / _c [Bruce Girard y Estela Acosta y Lara]. |
||
| 264 |
_aMontevideo, Uruguay : _bFundación Comunica, _c2012 |
||
| 300 |
_a181 páginas; _c21 centímetros. |
||
| 336 |
_atext _2rdacontent |
||
| 337 |
_aunmediated _2rdamedia |
||
| 338 |
_avolume _2rdacarrier |
||
| 505 | 0 | _aIntroducción nuevos mecanismos para vincular investigación académica y políticas públicas -- Campañas desde la academia -- Introducción -- Internet, investigación e influencia: las estrategias de Educacuón 2020 -- Web 2.0 Para incidir en el sector de las TIC en el Perú -- Consultas públicas en línea -- Introducción -- Políticas públicas, investigación y consultas públicas en línea -- Exploraciones -- Introducción -- Comunicar, colaborar y cultivas la confianza mutua: cuatro experiencias -- La guía de Impacto 2.0 -- Uso de servicios de red social en la administración pública de Aérica Latina. | |
| 526 | _aSEG44 | ||
| 526 | _aSEG26 | ||
| 526 | _aP151 | ||
| 526 | _aP150 | ||
| 526 | _aP149 | ||
| 526 | _aP146 | ||
| 526 | _aP145 | ||
| 526 | _aP126 | ||
| 526 | _aP125 | ||
| 526 | _aP92 | ||
| 526 | _aP75 | ||
| 526 | _aP74 | ||
| 526 | _aP27 | ||
| 526 | _aP15 | ||
| 650 | 0 | 4 |
_aInvestigación _xPolíticas públicas |
| 596 | _a1 | ||
| 942 |
_2ddc _cBOOK |
||
| 949 |
_a001.42032 I45 _wDEWEY _c1 _i72851 _lCCODEBUL1 _mBUL _p6,73 _r0 _sY _tBOOK _u2016-04-06 _oStaff.Coleción General |
||
| 999 |
_a001.42032 I45 _wDEWEY _c9076 _i72851 _f2021-11-4 _g6 _lCCODEBUL1 _mBUL _p6.73 _r0 _sY _tBOOK _u2016-3-6 _xBIBLIOTECA _PP69 _0COMPRA _o.STAFF. Colección General _d9076 |
||
| 980 |
_81 _gALBERTO SANCHEZ Responsable de Automatización |
||